000 00363nam a2200145Ia 4500
008 230917s9999||||xx |||||||||||||| ||und||
040 _e27701
_aMAIN
041 _aEnglish
082 _a531 T139I
100 _aTakwale, R G
245 0 _aIntroduction to classical mechanics
260 _aNew Delhi
_bTata McGraw Hill
_c2005
300 _avi, 212 p.
942 _cBK
999 _c98869
_d98869